Meilleurs pays du monde en judo - Statistiques

Statistiques générales
  • Ce quiz a été pris 1 024 fois
  • Le résultat moyen est 21 sur 30
Statistiques - réponses
Nombre de médailles
or + argent
Pays % Correct
2 193 France
100%
2 67 France
100%
2 260 France
100%
Championnat du monde 1 407 Japon
100%
Jeux olympiques 1 104 Japon
100%
Cumul JO et Championnat du monde 1 511 Japon
100%
9 57 Chine
88%
7 23 Chine
88%
9 80 Chine
88%
6 75 Russie
83%
7 91 Russie
83%
9 57 Allemagne
79%
8 22 Allemagne
79%
3 106 Corée-du-Sud
77%
3 51 Corée-du-Sud
77%
3 157 Corée-du-Sud
77%
10 18 Italie
74%
8 66 Brésil
68%
5 28 Brésil
68%
6 94 Brésil
68%
7 67 Royaume-Uni
65%
9 20 Royaume-Uni
65%
8 87 Royaume-Uni
65%
10 66 Géorgie
61%
4 94 Pays-Bas
39%
6 24 Pays-Bas
39%
5 118 Pays-Bas
39%
5 87 Cuba
25%
4 37 Cuba
25%
4 124 Cuba
25%
Aucun quiz correspondant
Distribution des résultats
% des personnes avec chaque résultat
Percentile par nombre de réponses
Votre historique - résultats
Vous n’avez pas pris ce quiz